[Event "Championnat de France des Jeunes - Pupil"]
[Site "AIX LES BAINS"]
[Date "2009.04.20"]
[Round "3.4"]
[White "Marie, Florian"]
[Black "Purenne, Benoit"]
[Result "1/2-1/2"]
[WhiteElo "1660"]
[BlackElo "1902"]
[PlyCount "149"]

1. d4 d5 2. c4 e6 3. Nc3 Nf6 4. Bf4 Nbd7 5. e3 Bb4 6. c5 Ne4 7. Qc2 e5 8. Bxe5
Nxe5 9. dxe5 Nxc3 10. bxc3 Bxc5 11. Rd1 c6 12. Nf3 Bg4 13. Be2 Qe7 14. O-O O-O
15. c4 dxc4 16. Qxc4 Bxf3 17. Bxf3 Qxe5 18. Qb3 Qc7 19. Bg4 Rad8 20. a4 a5 21.
Rb1 Bb4 22. Rfd1 h6 23. Rxd8 Rxd8 24. Rd1 Rxd1+ 25. Qxd1 Bd6 26. g3 b5 27. axb5
cxb5 28. Qb3 Qc5 29. Be2 b4 30. Bd1 Bf8 31. Qc2 Qd6 32. Kg2 g6 33. Kh1 Be7 34.
Kg1 Kg7 35. Kg2 h5 36. h4 Bf6 37. Qa4 Qd5+ 38. Kh2 Qe5 39. Kg2 g5 40. hxg5 Qxg5
41. Kf1 Qe5 42. Qc2 Qd5 43. Kg1 h4 44. gxh4 Bxh4 45. Kf1 Bf6 46. Ke1 Bc3+ 47.
Ke2 Qh5+ 48. Kd3 Qb5+ 49. Ke4 Qb7+ 50. Kd3 Qb5+ 51. Ke4 Qb7+ 52. Kd3 Qa6+ 53.
Ke4 Qe6+ 54. Kd3 f5 55. Ke2 f4 56. Kf3 fxe3 57. fxe3 Qd5+ 58. e4 Qh5+ 59. Kf4
Be5+ 60. Ke3 Qg5+ 61. Kd3 Bc3 62. Kc4 Qg3 63. Kb5 Qe5+ 64. Kc4 Qd4+ 65. Kb5 Kf6
66. Kc6 Qc4+ 67. Kb6 Ke7 68. e5 Qd4+ 69. Kb7 Qd5+ 70. Kb6 Qd4+ 71. Kb7 Qd7+ 72.
Kb6 Qd8+ 73. Kb7 Qd7+ 74. Kb6 Qd4+ 75. Kb7 1/2-1/2

[Event "Championnat de France des Jeunes - Pupil"]
[Site "AIX LES BAINS"]
[Date "2009.04.20"]
[Round "3.5"]
[White "Viennot, Dylan"]
[Black "Fort, Adelin"]
[Result "1-0"]
[WhiteElo "1889"]
[BlackElo "1630"]
[PlyCount "75"]

1. e4 c5 2. Nf3 e6 3. Nc3 a6 4. g3 d6 5. Bg2 Nf6 6. O-O Be7 7. d3 Nc6 8. Ne2
O-O 9. c3 Bd7 10. Ne1 d5 11. Qc2 Rc8 12. f4 d4 13. c4 Nb4 14. Qd1 b5 15. a3 Nc6
16. b3 b4 17. a4 Na5 18. h3 Rb8 19. g4 Kh8 20. Ng3 g6 21. f5 Qc7 22. e5 Ng8 23.
f6 Bd8 24. g5 Rc8 25. Be4 Qb8 26. Nf3 Bc6 27. Kg2 Bc7 28. h4 Rcd8 29. h5 Bxe4
30. Nxe4 Nb7 31. Rh1 Bxe5 32. hxg6 Nxf6 33. g7+ Kxg7 34. gxf6+ Bxf6 35. Rxh7+
Kxh7 36. Qh1+ Kg6 37. Qh6+ Kf5 38. Qh5+ 1-0

[Event "Championnat de France des Jeunes - Pupil"]
[Site "AIX LES BAINS"]
[Date "2009.04.20"]
[Round "3.6"]
[White "Aubert, Lucas"]
[Black "Kambrath, Yannick"]
[Result "0-1"]
[WhiteElo "1623"]
[BlackElo "1857"]
[PlyCount "52"]

1. d4 Nf6 2. Nf3 g6 3. c4 Bg7 4. Nc3 d5 5. cxd5 Nxd5 6. e4 Nxc3 7. bxc3 c5 8.
Be3 O-O 9. Bc4 Bg4 10. O-O Nc6 11. e5 Bxf3 12. Qxf3 cxd4 13. cxd4 Nxd4 14. Qxb7
Nc2 15. Rad1 Qc8 16. Qxc8 Raxc8 17. Ba6 Nxe3 18. fxe3 Rc6 19. Bb7 Rc7 20. Ba6
Bxe5 21. Rc1 Rd8 22. Rxc7 Bxc7 23. Rc1 Bb6 24. Re1 Rd2 25. Bc4 Kg7 26. Kf1 Kf6
0-1

[Event "Championnat de France des Jeunes - Pupil"]
[Site "AIX LES BAINS"]
[Date "2009.04.20"]
[Round "3.7"]
[White "Rodriguez, Adrien"]
[Black "Balagny-Carbuccia, Nicolas"]
[Result "0-1"]
[WhiteElo "1620"]
[BlackElo "1820"]
[PlyCount "78"]

1. d4 Nf6 2. c4 e6 3. Nc3 Bb4 4. Bg5 b6 5. a3 Bxc3+ 6. bxc3 Bb7 7. e3 d6 8. Nf3
Nbd7 9. Bd3 O-O 10. O-O h6 11. Bh4 c5 12. Nd2 Qc7 13. f3 Nh7 14. Qc2 f5 15. e4
fxe4 16. fxe4 Nhf6 17. Rae1 Ng4 18. h3 Rxf1+ 19. Nxf1 Ngf6 20. e5 dxe5 21. Bg3
Rd8 22. dxe5 Nh5 23. Bh2 Rf8 24. Qd2 g5 25. Bc2 Rd8 26. Rd1 Qc6 27. Ne3 Ng7 28.
Qd3 Nf5 29. g4 Qh1+ 30. Kf2 Qxh2+ 31. Ke1 Qg3+ 32. Ke2 Qf3+ 33. Kd2 Qf2+ 34.
Qe2 Nxe5+ 35. Nd5 Nxc4+ 36. Kc1 Qxe2 37. Nf6+ Kf7 38. Rxd8 Nfe3 39. Rd7+ Kxf6
0-1

[Event "Championnat de France des Jeunes - Pupil"]
[Site "AIX LES BAINS"]
[Date "2009.04.20"]
[Round "3.8"]
[White "Stark, Gabriel"]
[Black "Charvein, Gabriel"]
[Result "1-0"]
[WhiteElo "1780"]
[BlackElo "1600"]
[PlyCount "39"]

1. d4 Nf6 2. c4 g6 3. Nc3 Bg7 4. e4 d6 5. f4 O-O 6. Be2 Nbd7 7. Nf3 c5 8. d5
Ne8 9. O-O a6 10. a4 f5 11. Ng5 Ndf6 12. e5 Ng4 13. Bxg4 fxg4 14. e6 Nf6 15.
Nge4 Qc7 16. Qe2 h6 17. f5 Nxe4 18. Qxe4 gxf5 19. Rxf5 Bf6 20. Qxg4+ 1-0

[Event "Championnat de France des Jeunes - Pupil"]
[Site "AIX LES BAINS"]
[Date "2009.04.20"]
[Round "3.9"]
[White "Garcia-Alibert, Raphael"]
[Black "Bandet, Raphael"]
[Result "0-1"]
[WhiteElo "1590"]
[BlackElo "1763"]
[PlyCount "72"]

1. c4 e6 2. d4 d5 3. Nc3 Nf6 4. Nf3 Nbd7 5. Bf4 c6 6. e3 Bb4 7. Qc2 Ne4 8. Bd3
Ndf6 9. O-O Nxc3 10. bxc3 Be7 11. Rab1 O-O 12. Be5 h6 13. Bg3 Nd7 14. c5 b6 15.
cxb6 axb6 16. Rfc1 Ba6 17. Be2 Bxe2 18. Qxe2 b5 19. Rc2 Qb6 20. c4 dxc4 21.
Rxc4 Ra6 22. Rc2 Rc8 23. h3 Qb7 24. Rcb2 Ra5 25. Ra1 Rca8 26. Qc2 c5 27. a4 Qc6
28. Rba2 Rxa4 29. Rxa4 Rxa4 30. Rxa4 bxa4 31. Nd2 Nb6 32. Ne4 c4 33. f3 Qb5 34.
Be1 Qb3 35. Qxb3 cxb3 36. Nc5 b2 0-1

[Event "Championnat de France des Jeunes - Pupil"]
[Site "AIX LES BAINS"]
[Date "2009.04.20"]
[Round "3.10"]
[White "Gelas, Christophe"]
[Black "Stili, Karim"]
[Result "1-0"]
[WhiteElo "1918"]
[BlackElo "1450"]
[PlyCount "73"]

1. d4 Nf6 2. c4 e6 3. Nc3 c5 4. d5 exd5 5. cxd5 d6 6. e4 g6 7. Nf3 Bg7 8. Bd3
O-O 9. O-O Re8 10. Re1 Bg4 11. Bf4 Nh5 12. Bd2 Na6 13. Bxa6 bxa6 14. h3 Bxf3
15. Qxf3 Rb8 16. b3 Qh4 17. g4 Qf6 18. Qxf6 Nxf6 19. Rac1 Nd7 20. Bf4 Be5 21.
Be3 Bxc3 22. Rxc3 Rxe4 23. f3 Re5 24. Rd1 Nb6 25. Rcd3 c4 26. bxc4 Nxc4 27. Bf4
Re2 28. Rc3 Ne5 29. Bh6 Nd7 30. Rc6 Ne5 31. Rc3 f5 32. Rdc1 Rb7 33. Rc8+ Kf7
34. Rh8 Nxf3+ 35. Kf1 Rbb2 36. Rf8+ Ke7 37. Rc7# 1-0

[Event "Championnat de France des Jeunes - Pupil"]
[Site "AIX LES BAINS"]
[Date "2009.04.20"]
[Round "3.11"]
[White "Eid, Amine"]
[Black "Dumas, Charles"]
[Result "1-0"]
[WhiteElo "1845"]
[BlackElo "1650"]
[PlyCount "51"]

1. e4 c6 2. d4 d5 3. Nc3 dxe4 4. Nxe4 Nf6 5. Nxf6+ exf6 6. c3 Bd6 7. Bd3 O-O 8.
Qc2 g6 9. Be3 Be6 10. Nf3 Nd7 11. O-O Qc7 12. h3 c5 13. Rfe1 cxd4 14. Nxd4 a6
15. Bh6 Rfe8 16. Nxe6 Rxe6 17. Rxe6 fxe6 18. Bxg6 f5 19. Bh5 Kh8 20. Re1 Nc5
21. Be3 Qe7 22. Qe2 Ne4 23. Bf3 Nf6 24. Bd4 Re8 25. Bh5 Rg8 26. Qxe6 1-0

[Event "Championnat de France des Jeunes - Pupil"]
[Site "AIX LES BAINS"]
[Date "2009.04.20"]
[Round "3.12"]
[White "Ek, Alexandre"]
[Black "Bohaer, Xavier"]
[Result "1-0"]
[WhiteElo "1800"]
[BlackElo "1640"]
[PlyCount "71"]

1. e4 c5 2. c3 Nf6 3. e5 Nd5 4. d4 cxd4 5. Nf3 d6 6. cxd4 Nc6 7. Bc4 Nb6 8. Bb5
Bd7 9. Nc3 Nxe5 10. dxe5 a6 11. Bxd7+ Nxd7 12. e6 Nf6 13. Qa4+ b5 14. Nxb5 axb5
15. Qxb5+ Nd7 16. exd7+ Qxd7 17. Qxd7+ Kxd7 18. O-O h6 19. Be3 g5 20. a4 f5 21.
a5 f4 22. Bd4 e5 23. Bc3 Be7 24. b4 g4 25. Nd2 Rhc8 26. Rfc1 Bf6 27. b5 Rxc3
28. Rxc3 e4 29. Nxe4 Bxc3 30. Nxc3 h5 31. b6 Kc6 32. Rb1 Kb7 33. Ne4 d5 34.
Nc5+ Kc6 35. b7 Rb8 36. a6 1-0

[Event "Championnat de France des Jeunes - Pupil"]
[Site "AIX LES BAINS"]
[Date "2009.04.20"]
[Round "3.13"]
[White "Lam-Roques, Kalvin"]
[Black "Froment, Theophile"]
[Result "1-0"]
[WhiteElo "1717"]
[BlackElo "1795"]
[PlyCount "67"]

1. e4 c5 2. Nc3 a6 3. f4 d6 4. Nf3 Nf6 5. h3 b5 6. d3 e6 7. g4 Be7 8. Bg2 Bb7
9. O-O Nc6 10. Be3 Qc7 11. Ne2 g6 12. Ng3 d5 13. e5 Nd7 14. c3 h5 15. g5 O-O-O
16. d4 Nb6 17. dxc5 Nc4 18. Qc1 Na7 19. b4 Nxe3 20. Qxe3 Nc6 21. Ne2 Rhe8 22.
Ned4 Bf8 23. Qd3 Nxd4 24. Nxd4 Bc6 25. Bf3 Qb7 26. Bd1 Kd7 27. a4 Ra8 28. Be2
bxa4 29. Nxc6 Qxc6 30. Bd1 Qb7 31. Bxa4+ Kd8 32. Bxe8 Kxe8 33. Ra2 a5 34. Rfa1
1-0

[Event "Championnat de France des Jeunes - Pupil"]
[Site "AIX LES BAINS"]
[Date "2009.04.20"]
[Round "3.14"]
[White "Hoerdt, Audran"]
[Black "Hyjazi, Theo"]
[Result "0-1"]
[WhiteElo "1600"]
[BlackElo "1770"]
[PlyCount "70"]

1. e4 d6 2. d4 Nf6 3. Nc3 c6 4. Bc4 b5 5. Bd3 e5 6. d5 a6 7. dxc6 Nxc6 8. Nge2
Bb7 9. Bg5 Be7 10. f3 Nxe4 11. Nxe4 Bxg5 12. Bxb5 Be7 13. Bc4 Rc8 14. Bd5 O-O
15. N2c3 Qb6 16. Bb3 Qe3+ 17. Qe2 Qxe2+ 18. Kxe2 Nd4+ 19. Kd1 Nxb3 20. axb3 d5
21. Nf2 Rfd8 22. Re1 f6 23. Nd3 h6 24. Nf2 Bb4 25. Ra2 d4 26. Nce4 Bxe1 27.
Kxe1 Rxc2 28. Nd2 Kf7 29. h3 g5 30. g4 Kg6 31. Nd1 h5 32. Ra1 hxg4 33. hxg4 Rh8
34. Nf2 Rxb2 35. Nc4 Rxb3 0-1

[Event "Championnat de France des Jeunes - Pupil"]
[Site "AIX LES BAINS"]
[Date "2009.04.20"]
[Round "3.15"]
[White "Humbert, Julien"]
[Black "Grezels, Florian"]
[Result "1-0"]
[WhiteElo "1620"]
[BlackElo "1740"]
[PlyCount "35"]

1. e4 e5 2. Nf3 Nc6 3. Bc4 Bc5 4. c3 Nf6 5. d4 exd4 6. cxd4 Bb4+ 7. Nc3 d6 8.
O-O h6 9. Re1 O-O 10. h3 Bxc3 11. bxc3 d5 12. exd5 Nxd5 13. Ba3 Nxc3 14. Qb3
Nxd4 15. Qxc3 Nxf3+ 16. Qxf3 Be6 17. Bxf8 Bxc4 18. Bxg7 1-0

[Event "Championnat de France des Jeunes - Pupillettes"]
[Site "AIX LES BAINS"]
[Date ""]
[Round "3.1"]
[White "Le Guennec, Nolwen"]
[Black "Bellaiche, Elise"]
[Result "0-1"]
[WhiteElo "1480"]
[BlackElo "1826"]
[Annotator ""]

1. e4 e6 2. d4 d5 3. e5 c5 4. c3 Nc6 5. Nf3 Qb6 6. Bd3 Bd7 7. O-O cxd4 8. cxd4
Nxd4 9. Nxd4 Qxd4 10. Qe2 Qb6 11. Kh1 Ne7 12. b3 Nc6 13. f4 Nb4 14. Nc3 Rc8 15.
Bb2 Nxd3 16. Qxd3 Bb4 17. Rfc1 O-O 18. Rc2 Bxc3 19. Rxc3 Rxc3 20. Bxc3 Rc8 21.
Qd2 h6 22. h3 a6 23. Bd4 Qc7 24. Be3 Bc6 25. Bd4 Bb5 26. Bb2 Qc2 27. Rd1 Be2
28. Qxc2 Rxc2 29. Rb1 Bd3 30. Kh2 Be4 31. Kh1 Rxg2 32. Ra1 Rxb2+ 33. Kg1 Rg2+
34. Kf1 Rh2 35. Re1 Rxa2 36. Re3 Rc2 37. Kg1 b5 38. b4 Rc4 39. Rb3 Kh7 40. Kf2
d4 41. Ke2 Rc3 42. Rxc3 dxc3 43. Kd1 Kg6 44. Kc1 Kf5 0-1

[Event "Championnat de France des Jeunes - Pupil"]
[Site "AIX LES BAINS"]
[Date "2009.04.20"]
[Round "3.2"]
[White "Auvray, Honorine"]
[Black "Broly, Marine"]
[Result "0-1"]
[WhiteElo "1708"]
[BlackElo "1470"]
[PlyCount "62"]

1. e4 d6 2. d4 f5 3. Nc3 fxe4 4. Nxe4 Bf5 5. Bd3 Qd7 6. Ng3 Bxd3 7. Qxd3 Nc6 8.
Nf3 Nf6 9. Bd2 e6 10. O-O-O Be7 11. Ne2 O-O-O 12. Ng5 Rdf8 13. f3 Nd5 14. c3
Nb6 15. h4 d5 16. Nf4 e5 17. dxe5 Nxe5 18. Qe2 Nec4 19. Nfe6 Re8 20. Rhe1 Bf6
21. f4 g6 22. Qg4 Re7 23. Qh3 Nxd2 24. Kxd2 Nc4+ 25. Kc1 Rhe8 26. b3 Bxg5 27.
fxg5 Nb6 28. Nc5 Qxh3 29. Rxe7 Qxc3+ 30. Kb1 Rxe7 31. Rf1 Qxc5 0-1

[Event "Championnat de France des Jeunes - Pupil"]
[Site "AIX LES BAINS"]
[Date "2009.04.20"]
[Round "3.3"]
[White "Shashkina, Olga"]
[Black "Dieuleveut, Floriane"]
[Result "0-1"]
[WhiteElo "1470"]
[BlackElo "1651"]
[PlyCount "102"]

1. e4 c5 2. Nf3 Nc6 3. d4 cxd4 4. Nxd4 g6 5. Be3 Bg7 6. Nc3 Nf6 7. Bc4 O-O 8.
O-O d6 9. Qd2 Bd7 10. Kh1 Rc8 11. b3 Na5 12. Be2 a6 13. Rac1 Nc6 14. f4 Qc7 15.
Nd5 Nxe4 16. Qd3 Nc5 17. Qd1 Qd8 18. c4 e6 19. Nc3 Re8 20. a3 Nxd4 21. Bxd4
Bxd4 22. Qxd4 Nxb3 23. Qxd6 Nxc1 24. Rxc1 Qc7 25. Ne4 Red8 26. Rd1 Qxd6 27.
Rxd6 Kg7 28. Kg1 Bc6 29. Rxd8 Rxd8 30. Ng5 h6 31. Nf3 Bxf3 32. Bxf3 b6 33. Kf2
Rd3 34. a4 Rc3 35. Be2 Kf6 36. g3 Kf5 37. h3 g5 38. Bg4+ Ke4 39. fxg5 hxg5 40.
Bh5 Rc2+ 41. Ke1 f6 42. Bd1 Rxc4 43. Bb3 Rc6 44. Ke2 b5 45. axb5 axb5 46. Kf2
Kf5 47. Bd1 b4 48. h4 gxh4 49. gxh4 Rb6 50. Bb3 Rd6 51. Ba4 Rd3 0-1

[Event "Championnat de France des Jeunes - Pupil"]
[Site "AIX LES BAINS"]
[Date "2009.04.20"]
[Round "3.4"]
[White "Terrazzoni, Claire"]
[Black "Legrand, Claire"]
[Result "1/2-1/2"]
[WhiteElo "1460"]
[BlackElo "1607"]
[Annotator "Rivier,Sylvain"]
[PlyCount "67"]

1. e4 d6 2. d4 Nf6 3. Nc3 Nbd7 4. Nf3 e5 5. dxe5 dxe5 6. Bb5 c6 7. Bd3 Qc7 8.
O-O Bb4 9. Bd2 O-O 10. a3 Ba5 11. Qe2 c5 12. Rfe1 Bxc3 13. Bxc3 b6 14. Ba6 Bxa6
15. Qxa6 c4 16. Nd2 Rac8 17. Bb4 Nb8 18. Qb5 a5 19. Qa4 b5 20. Qxa5 Qb7 21. Bc5
h6 22. Qb6 Qxb6 23. Bxb6 Nbd7 24. Ba5 Nc5 25. Bc3 Rfe8 26. f3 Na4 27. Re3 Rcd8
28. Nf1 Nxc3 29. Rxc3 Rd6 30. b3 cxb3 31. cxb3 Red8 32. Ne3 Rd3 33. Rac1 Kf8
34. Kf2 {suite illisible} 1/2-1/2

[Event "Championnat de France des Jeunes - Pupil"]
[Site "AIX LES BAINS"]
[Date "2009.04.20"]
[Round "3.5"]
[White "Canterel, Cecile"]
[Black "Thomas, Apolline"]
[Result "0-1"]
[WhiteElo "1560"]
[BlackElo "1440"]
[PlyCount "122"]

1. d4 d5 2. c4 e6 3. g3 Nf6 4. Bg2 Bd6 5. Nf3 Nbd7 6. b3 c5 7. dxc5 Bxc5 8. Bb2
dxc4 9. bxc4 O-O 10. Qb3 Ng4 11. O-O Bxf2+ 12. Rxf2 Nxf2 13. Kxf2 Nc5 14. Qc2
Qb6 15. Bd4 Qc7 16. Ng5 g6 17. Ne4 Nd7 18. Qc1 f6 19. Bh3 e5 20. Bb2 Nb6 21.
Bxc8 Raxc8 22. c5 Nd7 23. Ba3 b6 24. c6 Nc5 25. Bxc5 bxc5 26. Qxc5 Qxc6 27.
Qxc6 Rxc6 28. Nbc3 f5 29. Ke3 fxe4 30. Nxe4 Rfc8 31. h4 Rc1 32. Rxc1 Rxc1 33.
Kd2 Rc4 34. Kd3 Ra4 35. Nc3 Ra3 36. Kc2 Kf7 37. Kb2 Ra5 38. Kb3 Kf6 39. Kb4 Ra6
40. e4 g5 41. h5 g4 42. Kb5 Ra3 43. Kb4 Ra6 44. Kb5 Rb6+ 45. Kc5 Rb2 46. Kd6
Rg2 47. Nd5+ Kg5 48. Kxe5 Rxg3 49. h6 Kxh6 50. Kf4 Ra3 51. Kxg4 Rxa2 52. Kf5
Re2 53. e5 a5 54. e6 a4 55. Nc3 Rf2+ 56. Ke5 a3 57. e7 Rf3 58. Kd5 Re3 59. Kd6
Kg5 60. Nd5 Rxe7 61. Nxe7 a2 0-1

[Event "Championnat de France des Jeunes - Pupil"]
[Site "AIX LES BAINS"]
[Date "2009.04.20"]
[Round "3.6"]
[White "Banat, Rizlene"]
[Black "Fesselier, Melissa"]
[Result "1-0"]
[WhiteElo "1542"]
[BlackElo "1390"]
[PlyCount "71"]

1. Nf3 Nc6 2. d4 d5 3. g3 Nf6 4. Bg2 Bf5 5. a3 e6 6. b3 Bd6 7. Bb2 O-O 8. O-O
Ne7 9. b4 b5 10. Nbd2 Ne4 11. Nh4 Nxd2 12. Qxd2 Bg6 13. Nxg6 Nxg6 14. e4 c6 15.
Qd3 a6 16. e5 Bc7 17. a4 Qe7 18. axb5 cxb5 19. Qb3 f6 20. f4 fxe5 21. fxe5 Bb6
22. Rxf8+ Rxf8 23. Rxa6 Ba7 24. Rxe6 Qg5 25. Qd3 Qg4 26. Bxd5 Kh8 27. Ra6 Nf4
28. Bf3 Nh3+ 29. Kg2 Nf4+ 30. Kh1 Nxd3 31. Bxg4 Nxb2 32. Rxa7 Nc4 33. e6 Ne3
34. Be2 h6 35. e7 Re8 36. Bxb5 1-0

[Event "Championnat de France des Jeunes - Pupil"]
[Site "AIX LES BAINS"]
[Date "2009.04.20"]
[Round "3.7"]
[White "Dol, Cecile"]
[Black "Duffaud, Celia"]
[Result "1-0"]
[WhiteElo "1510"]
[BlackElo "1310"]
[PlyCount "139"]

1. e4 c6 2. d4 d5 3. e5 Bf5 4. Nf3 e6 5. Be2 Bb4+ 6. c3 Ba5 7. O-O Ne7 8. Nbd2
O-O 9. Nb3 Bb6 10. Bg5 Nd7 11. Nh4 Qe8 12. Bxe7 Qxe7 13. Nxf5 exf5 14. Qd3 Qg5
15. Qf3 c5 16. Bd3 f4 17. Qxd5 Rad8 18. Qxb7 cxd4 19. cxd4 Nxe5 20. dxe5 Rxd3
21. Qe4 Rd7 22. e6 Re7 23. exf7+ Rfxf7 24. Qf3 Re6 25. Rfe1 Rfe7 26. Rxe6 Rxe6
27. Qa8+ Kf7 28. Qf3 h6 29. Rd1 Kg8 30. h3 Kh7 31. Nd4 Rd6 32. Nb3 Rxd1+ 33.
Qxd1 Qh4 34. Qc2+ Kh8 35. Nc1 Qg5 36. Nd3 f3 37. g3 Qa5 38. Qc8+ Kh7 39. Qc2
Kg8 40. a3 Qd5 41. Qc8+ Bd8 42. Qc2 Qa2 43. Qc6 Qb1+ 44. Nc1 Bg5 45. Qxf3 Qxc1+
46. Kg2 Qxb2 47. Qa8+ Kh7 48. Qe4+ g6 49. h4 Bf6 50. h5 Qe5 51. Qxg6+ Kh8 52.
Qxh6+ Kg8 53. Qg6+ Bg7 54. h6 Qf6 55. Qxg7+ Qxg7 56. hxg7 Kxg7 57. Kf3 Kf6 58.
Ke4 Kg5 59. f4+ Kg4 60. f5 Kg5 61. Ke5 a6 62. Ke6 Kh6 63. Ke7 Kg7 64. f6+ Kg6
65. f7 a5 66. f8=Q a4 67. Qf6+ Kh7 68. Qg5 Kh8 69. Kf7 Kh7 70. Qg7# 1-0

[Event "Championnat de France des Jeunes - Pupil"]
[Site "AIX LES BAINS"]
[Date "2009.04.20"]
[Round "3.8"]
[White "Baldi, Valentine"]
[Black "Maton, Amandine"]
[Result "1-0"]
[WhiteElo "1642"]
[BlackElo "1290"]
[PlyCount "97"]

1. d4 d5 2. c4 Nf6 3. Nc3 e6 4. Nf3 Bb4 5. e3 Ne4 6. Qb3 Nc6 7. Bd3 dxc4 8.
Qxc4 Qd5 9. Qxd5 exd5 10. Bd2 Bxc3 11. bxc3 Bg4 12. Bxe4 dxe4 13. Ng5 Bf5 14.
h4 h6 15. Nh3 O-O 16. c4 Rfe8 17. Nf4 b6 18. Nd5 Rac8 19. O-O Red8 20. Rab1 Be6
21. Nf4 Bxc4 22. Rfc1 Bxa2 23. Ra1 g5 24. Rxc6 gxf4 25. Rxa2 fxe3 26. fxe3 Kh7
27. Rxa7 Rd7 28. Be1 b5 29. Rc5 Rb8 30. Bb4 Kg6 31. Raxc7 Rxc7 32. Rxc7 f5 33.
d5 Kh5 34. g3 Ra8 35. Bc3 Kg4 36. Be5 b4 37. d6 b3 38. d7 Kf3 39. Rc8 Ra2 40.
d8=Q Rg2+ 41. Kh1 b2 42. Qd1+ Re2 43. Bxb2 Kf2 44. Qg1+ Kf3 45. Be5 Rxe3 46.
Qg2+ Kg4 47. Rg8+ Kh5 48. g4+ Kxh4 49. Bf6# 1-0

[Event "Championnat de France des Jeunes - Pupil"]
[Site "AIX LES BAINS"]
[Date "2009.04.20"]
[Round "3.9"]
[White "Remy, Camille"]
[Black "Imperor, Lorene"]
[Result "0-1"]
[WhiteElo "1320"]
[BlackElo "1667"]
[PlyCount "92"]

1. e4 c5 2. Nf3 Nc6 3. Nc3 d6 4. Bb5 Bd7 5. Bxc6 Bxc6 6. d4 cxd4 7. Qxd4 Nf6 8.
O-O g6 9. Qd3 Bg7 10. Rd1 O-O 11. Ng5 Qa5 12. Qh3 b5 13. Bf4 b4 14. Nd5 Bxd5
15. Rxd5 Qb6 16. e5 dxe5 17. Bxe5 h5 18. Bd4 Qc7 19. Bxf6 Bxf6 20. Qb3 a5 21.
Ne4 Be5 22. Rc5 Qb8 23. Rb1 Bxh2+ 24. Kh1 Bd6 25. Rg5 Kh7 26. Qd3 Rd8 27. Nxd6
Qxd6 28. Rxh5+ Kg7 29. Rd5 Qxd5 30. Qxd5 Rxd5 31. g3 Rad8 32. Kg2 Rd1 33. Rxd1
Rxd1 34. a4 Rd2 35. b3 Rxc2 36. Kh3 Rc3 37. f4 Rxb3 38. Kh4 Rc3 39. g4 b3 40.
f5 gxf5 41. gxf5 b2 42. f6+ Kxf6 43. Kh5 Rg3 44. Kh4 Rg8 45. Kh3 b1=Q 46. Kh2
Qh7# 0-1

[Event "Championnat de France des Jeunes - Pupil"]
[Site "AIX LES BAINS"]
[Date "2009.04.20"]
[Round "3.10"]
[White "Garnier, Fiona"]
[Black "Nourani, Maral"]
[Result "0-1"]
[WhiteElo "1350"]
[BlackElo "1550"]
[PlyCount "90"]

1. e4 c5 2. Nc3 a6 3. Nf3 b5 4. g3 Bb7 5. d3 Qc7 6. Bf4 d6 7. Bg2 Nd7 8. O-O
Ngf6 9. Re1 e6 10. a3 Be7 11. Rc1 O-O 12. Qd2 Rac8 13. Qe3 Rfd8 14. Rcd1 h6 15.
Qe2 Re8 16. e5 Nh5 17. exd6 Nxf4 18. dxc7 Nxe2+ 19. Rxe2 Rxc7 20. h4 Nb6 21. b3
c4 22. Kh2 cxb3 23. cxb3 Rxc3 24. Re3 Nd5 25. Re5 Rxb3 26. Re4 Nc3 27. Rd4 Nxd1
28. Nd2 Rxa3 29. Bxb7 Nxf2 30. Rf4 Nxd3 31. Nf3 Nxf4 32. gxf4 Rb8 33. Be4 b4
34. Nd2 Ra2 35. Bb1 Rxd2+ 36. Kg3 b3 37. f5 b2 38. fxe6 fxe6 39. Bh7+ Kf8 40.
Bg6 b1=Q 41. Bxb1 Rxb1 42. h5 Rf1 43. Kg4 Bd6 44. Kh3 Rg1 45. Kh4 Rh2# 0-1

[Event "Championnat de France des Jeunes - Pupil"]
[Site "AIX LES BAINS"]
[Date "2009.04.20"]
[Round "3.11"]
[White "Malassagne, Isabelle"]
[Black "Quelennec, Amelie"]
[Result "1-0"]
[WhiteElo "1500"]
[BlackElo "1410"]
[PlyCount "133"]

1. c4 Nc6 2. Nc3 Nf6 3. d3 e5 4. g3 Bb4 5. Bg2 O-O 6. Nf3 d5 7. O-O Bg4 8. Bg5
h6 9. Bxf6 Qxf6 10. Nxd5 Qd6 11. Ne3 Bxf3 12. Bxf3 f5 13. Bd5+ Kh8 14. a3 Bc5
15. Nc2 Qg6 16. b4 Bd4 17. Nxd4 exd4 18. f4 Rab8 19. Qa4 Qe8 20. b5 Ne7 21. Bf3
a6 22. Qb4 Ng6 23. Qc5 Qe3+ 24. Kg2 Rf7 25. Bh5 Kh7 26. Qa7 Rff8 27. bxa6 bxa6
28. Qxc7 Rb2 29. Qc6 Rf6 30. Qf3 Qxf3+ 31. Bxf3 Nf8 32. Rfc1 Rg6 33. c5 Ne6 34.
Kf1 Rb3 35. Bd5 Rb2 36. c6 Nc7 37. Bf3 Re6 38. Rab1 Rxb1 39. Rxb1 Nb5 40. Rc1
Re7 41. Rc4 Rc7 42. a4 Na3 43. Rxd4 Nc2 44. Rd7 Rc8 45. c7 Ne3+ 46. Kg1 Nc2 47.
Bb7 Rxc7 48. Rxc7 Nd4 49. Kf2 Kg6 50. Bxa6 Kh5 51. Bb7 g5 52. Bf3+ Nxf3 53.
Kxf3 g4+ 54. Ke3 Kg6 55. a5 h5 56. a6 h4 57. a7 hxg3 58. hxg3 Kf6 59. a8=Q Ke6
60. Rc6+ Kd5 61. Rh6+ Kc5 62. d4+ Kc4 63. Rc6+ Kd5 64. Ra6+ Kc4 65. Qc6+ Kb4
66. Rb6+ Ka5 67. Qb5# 1-0

[Event "Championnat de France des Jeunes - Pupil"]
[Site "AIX LES BAINS"]
[Date "2009.04.20"]
[Round "3.12"]
[White "Dory, Manon"]
[Black "Dusserre, Salome"]
[Result "1-0"]
[WhiteElo "1470"]
[BlackElo "1280"]
[PlyCount "111"]

1. e4 c6 2. Nf3 d5 3. exd5 cxd5 4. d4 Nf6 5. Bf4 Bf5 6. Bd3 Bxd3 7. Qxd3 Nc6 8.
Nbd2 e6 9. O-O Bd6 10. Bxd6 Qxd6 11. c3 O-O 12. Rac1 Ne7 13. Rc2 Rac8 14. Ne5
Ng6 15. Ndf3 Ne4 16. Nxg6 fxg6 17. Ne5 Rf5 18. f3 Ng5 19. Re1 Nf7 20. Rce2 Nxe5
21. Rxe5 Rxe5 22. Rxe5 Rf8 23. Qb5 b6 24. a3 Rf5 25. Qe8+ Qf8 26. Qxf8+ Rxf8
27. Rxe6 Rd8 28. Re7 a5 29. Re6 Rb8 30. Rd6 b5 31. Rxd5 Kf7 32. Re5 Kf6 33. Kf2
b4 34. Rxa5 bxa3 35. bxa3 Rb3 36. c4 Rc3 37. c5 Ke6 38. Ra6+ Kd7 39. h3 Rc4 40.
Ke3 Rc2 41. g3 Rc3+ 42. Ke4 Kc7 43. a4 Rb3 44. g4 h5 45. gxh5 gxh5 46. a5 Ra3
47. c6 Rc3 48. h4 g6 49. d5 Rc4+ 50. Ke5 Rxh4 51. d6+ Kb8 52. Rb6+ Kc8 53. Rb7
Rc4 54. d7+ Kd8 55. Rb8+ Kc7 56. Rc8# 1-0

[Event "Championnat de France des Jeunes - Pupil"]
[Site "AIX LES BAINS"]
[Date "2009.04.20"]
[Round "3.13"]
[White "Abidi, Hasma"]
[Black "Vernet, Solene"]
[Result "1-0"]
[WhiteElo "1660"]
[BlackElo "1230"]
[PlyCount "99"]

1. d4 d5 2. Nf3 Bf5 3. c4 e6 4. e3 Nf6 5. Nc3 Bb4 6. Bd2 Nc6 7. a3 Bd6 8. c5
Be7 9. Be2 Ne4 10. O-O O-O 11. Bd3 Nxd2 12. Qxd2 Bxd3 13. Qxd3 b6 14. b4 bxc5
15. dxc5 Rb8 16. Rfd1 Bf6 17. Rac1 Be5 18. e4 dxe4 19. Qxe4 Qf6 20. Qxc6 Bxc3
21. Qxc7 Bb2 22. Rb1 Bxa3 23. b5 Rfc8 24. Qxa7 Bxc5 25. Qa2 Ra8 26. Qb2 Qxb2
27. Rxb2 h6 28. Kf1 Rd8 29. Rxd8+ Rxd8 30. b6 Rb8 31. b7 Bd6 32. Ke2 Kf8 33.
Nd4 Ke7 34. Nc6+ Kd7 35. Nxb8+ Bxb8 36. h3 g5 37. Rb4 f5 38. h4 g4 39. f3 gxf3+
40. Kxf3 Kc7 41. g4 Ba7 42. g5 hxg5 43. hxg5 Bb8 44. g6 Kd6 45. g7 Kd5 46. g8=Q
Bd6 47. Qd8 e5 48. b8=Q e4+ 49. Ke2 f4 50. Qbxd6# 1-0

[Event "Championnat de France des Jeunes - Pupil"]
[Site "AIX LES BAINS"]
[Date "2009.04.20"]
[Round "3.14"]
[White "Desarnaud, Manon"]
[Black "Perrois, Magali"]
[Result "1-0"]
[WhiteElo "1600"]
[BlackElo "1360"]
[PlyCount "75"]

1. Nf3 d5 2. d4 Nf6 3. e3 Bf5 4. c4 e6 5. Nc3 Be7 6. Bd3 Bxd3 7. Qxd3 O-O 8.
O-O h6 9. e4 dxe4 10. Nxe4 c6 11. Bf4 Nbd7 12. Rfe1 Nxe4 13. Rxe4 Nf6 14. Re3
Qd7 15. Ne5 Qd8 16. Rh3 Nd7 17. Nxd7 Qxd7 18. Bxh6 Rfd8 19. Bxg7 f5 20. Be5 Kf7
21. Rh7+ Ke8 22. Qg3 Qc8 23. Qg6+ Kd7 24. Rh6 Rf8 25. Qxe6+ Kd8 26. Qg6 Qd7 27.
Rd1 Kc8 28. d5 cxd5 29. cxd5 Re8 30. Rc1+ Kd8 31. d6 Bf8 32. Qf6+ Be7 33. dxe7+
Qxe7 34. Bc7+ Kd7 35. Qd4+ Kc8 36. Be5+ Qc7 37. Rxc7+ Kb8 38. Rc4+ 1-0